LEADER 01820nam 2200373Ia 450 001 996394575403316 005 20200824132451.0 035 $a(CKB)3810000000007414 035 $a(EEBO)2240876116 035 $a(OCoLC)ocm18283843e 035 $a(OCoLC)18283843 035 $a(EXLCZ)993810000000007414 100 $a19880728d1666 uy | 101 0 $aeng 135 $aurbn||||a|bb| 200 10$aEnglands faithful physician, or, Precious soul-saving, and soul-searching remedies, through grace faithfully applyed for the healing and preserving this sinful, sin-sick nation from ruine and destruction$b[electronic resource] $ewhereby this heavy judgment of God in visiting us with the plague and pestilence, which we have lain under, may upon our true, hearty, and unfeigned repentance be removed from amongst us : together, with a speedy way to grace and salvation through Jesus Christ 210 $aLondon $cPrinted for Eliz. Andrews ...$d1666 215 $a[24] p. $cport 300 $aIncludes half-title page, verso of which contains a woodcut portrait of the author. 300 $aAdvertisement, p. [24], lists the works of "John Hart Dr. of Divinity," of which "Englands faithful physician" is one. 300 $aReproduction of the original in the British Library. 330 $aeebo-0018 606 $aRepentance 606 $aChristian life 615 0$aRepentance. 615 0$aChristian life. 700 $aHart$b John$cD.D.$0195672 801 0$bEAJ 801 1$bEAJ 801 2$bWaOLN 906 $aBOOK 912 $a996394575403316 996 $aEnglands faithful physician, or, Precious soul-saving, and soul-searching remedies, through grace faithfully applyed for the healing and preserving this sinful, sin-sick nation from ruine and destruction$92351598 997 $aUNISA LEADER 01244nam a2200253 i 4500 001 991000692049707536 005 20020507172330.0 008 970313s1995 ||| ||| | ita 035 $ab10743893-39ule_inst 035 $aLE01300800$9ExL 040 $aDip.to Matematica$beng 084 $aAMS 34-XX 084 $aAMS 65-XX 100 1 $aVergine, Massimo$0534680 245 10$aApprossimazione numerica di soluzioni di equazioni differenziali ordinarie a coefficienti polinomiali o esponenziali col metodo della "funzione di fase". Tesi di laurea /$claureando Massimo Vergine ; relat. Renato Spigler 260 $aLecce :$bUniversità degli studi. Facoltà di Scienze. Corso di laurea in Matematica,$ca.a. 1995-96 650 4$aNumerical analysis 700 1 $aSpigler, Renato 907 $a.b10743893$b02-04-14$c28-06-02 912 $a991000692049707536 945 $aLE013 TES 1995/96 VER1$g1$i2013000081410$lle013$o-$pE0.00$q-$rl$s- $t0$u0$v0$w0$x0$y.i10835416$z28-06-02 996 $aApprossimazione numerica di soluzioni di equazioni differenziali ordinarie a coefficienti polinomiali o esponenziali col metodo della "funzione di fase". Tesi di laurea$9910693 997 $aUNISALENTO 998 $ale013$b01-01-97$cm$da $e-$feng$gxx $h0$i1